[Event "Olimpiade 2024 - Donne"]
[Site "Budapest"]
[Date "19.09.2024"]
[Round "8.7"]
[Board "3"]
[White "Danielian, Elina"]
[Black "Nomin-Erdene, Davaademberel"]
[Result "1-0"]
[WhiteTitle "GM"]
[BlackTitle "IM"]
[WhiteElo "2393"]
[BlackElo "2319"]
[WhiteTeam "Armenia"]
[BlackTeam "Mongolia"]
[WhiteFideId "13300210"]
[BlackFideId "4900782"]
[EventDate "2024.09.11"]

1. Nf3 d5 2. d4 Nf6 3. c4 e6 4. Nc3 Nbd7 5. Qc2 dxc4 6. e4 c5 7. Bxc4 cxd4 8.
Nxd4 Bc5 9. Nf3 Qc7 10. Nb5 Qb8 11. O-O a6 12. Nbd4 Bxd4 13. Nxd4 Qe5 14. Nf3
Qxe4 15. Bd3 Qg4 16. b3 O-O 17. Rd1 b6 18. h3 Qh5 19. Be2 Qc5 20. Qb2 Nd5 21.
Bd2 Bb7 22. Rac1 Qe7 23. Rc4 Rac8 24. Rg4 f5 25. Rd4 Qf6 26. Bg5 Qg6 27. Qd2 h6
28. Be7 Rfe8 29. Ba3 N7f6 30. Ne5 Qg5 31. Qxg5 hxg5 32. Bf3 b5 33. Bc1 f4 34. g3
Rc3 35. gxf4 gxf4 36. Bxf4 Rxf3 37. Nxf3 Nxf4 38. Rxf4 Nh5 39. Rd7 Nxf4 40. Rxb7
Nxh3+ 41. Kg2 Nf4+ 42. Kg3 Ne2+ 43. Kg2 Nc3 44. a3 Ra8 45. Ng5 e5 46. Ne6 a5 47.
Rxg7+ Kh8 48. Rc7 Nb1 49. a4 b4 50. Rd7 Nc3 51. Kf3 Ra6 52. Nc5 Rc6 53. Ne4 Kg8
54. Ke3 Kf8 55. f3 Kg8 56. Ra7 Nxe4 57. Kxe4 Rc3 58. Rxa5 Rxb3 59. Rb5 Kf7 60.
Kxe5 Rxf3 61. Kd6 b3 1-0

[Event "Olimpiade 2024 - Donne"]
[Site "Budapest"]
[Date "19.09.2024"]
[Round "8.7"]
[Board "4"]
[White "Khuslen, Erdenebayar"]
[Black "Sargsyan, Anna M."]
[Result "0-1"]
[WhiteTitle "WFM"]
[BlackTitle "IM"]
[WhiteElo "2229"]
[BlackElo "2364"]
[WhiteTeam "Mongolia"]
[BlackTeam "Armenia"]
[WhiteFideId "4910532"]
[BlackFideId "13308130"]
[EventDate "2024.09.11"]

1. d4 Nf6 2. c4 e6 3. Nc3 Bb4 4. e3 O-O 5. Bd3 Re8 6. Ne2 d5 7. O-O Bf8 8. Nf4
Nc6 9. a3 dxc4 10. Bxc4 e5 11. dxe5 Nxe5 12. Ba2 c6 13. Qc2 Bd6 14. h3 g5 15.
Nfe2 g4 16. hxg4 Nfxg4 17. g3 Nf3+ 18. Kg2 Qf6 19. Ne4 Qh6 20. Ng1 Nxg1 21. Rxg1
Bf5 22. Bxf7+ Kf8 23. Bxe8 Rxe8 24. Kf1 Bxe4 25. Qc3 Qh2 26. Qd2 Bd3+ 0-1

[Event "Olimpiade 2024 - Donne"]
[Site "Budapest"]
[Date "19.09.2024"]
[Round "8.8"]
[Board "1"]
[White "Unuk, Laura"]
[Black "Zhu, Jiner"]
[Result "0-1"]
[WhiteTitle "IM"]
[BlackTitle "GM"]
[WhiteElo "2316"]
[BlackElo "2487"]
[WhiteTeam "Slovenia"]
[BlackTeam "China"]
[WhiteFideId "14609215"]
[BlackFideId "8608059"]
[EventDate "2024.09.11"]

1. Nf3 Nf6 2. g3 b6 3. Bg2 Bb7 4. O-O e6 5. c4 c5 6. b3 Be7 7. Bb2 O-O 8. e3 d6
9. Qe2 Nbd7 10. Ne1 Bxg2 11. Nxg2 d5 12. f4 a6 13. g4 b5 14. g5 Ne8 15. d3 Nd6
16. Nd2 f5 17. e4 bxc4 18. exd5 exd5 19. Qe6+ Rf7 20. Qxd5 Nb6 21. Qe6 cxd3 22.
Rf3 c4 23. bxc4 Na4 24. Bd4 Ne4 25. Nb3 Nac5 26. Qe5 d2 27. Rd1 Nxb3 28. Rxb3
Rc8 29. Ne3 Bd6 30. Qe6 Bc5 31. Bxc5 Nxc5 32. Rxd2 Nxe6 0-1

[Event "Olimpiade 2024 - Donne"]
[Site "Budapest"]
[Date "19.09.2024"]
[Round "8.8"]
[Board "2"]
[White "Guo, Qi"]
[Black "Urh, Zala"]
[Result "1-0"]
[WhiteTitle "IM"]
[BlackTitle "WIM"]
[WhiteElo "2367"]
[BlackElo "2251"]
[WhiteTeam "China"]
[BlackTeam "Slovenia"]
[WhiteFideId "8604002"]
[BlackFideId "14611481"]
[EventDate "2024.09.11"]

1. d4 Nf6 2. c4 e6 3. Nc3 Bb4 4. e3 O-O 5. Ne2 c6 6. a3 Ba5 7. b4 Bc7 8. d5 exd5
9. cxd5 Qe7 10. Bb2 Be5 11. g3 cxd5 12. Bg2 d6 13. O-O Bg4 14. h3 Be6 15. Qd3
Nbd7 16. f4 Bxc3 17. Bxc3 Nb6 18. g4 Bd7 19. Ng3 Rfe8 20. Rfe1 Ne4 21. Nh5 Nxc3
22. Qxc3 f5 23. gxf5 Bxf5 24. Qd4 Qf7 25. Ng3 Kh8 26. a4 Be4 27. Nxe4 dxe4 28.
a5 Nd7 29. Bxe4 Nf6 30. Bg2 Rac8 31. Qxa7 Rc2 32. Qxb7 Qg6 33. Qf3 Ne4 34. a6 h5
35. a7 Rf2 36. Qxe4 Rxe4 37. a8=Q+ Re8 38. Qd5 1-0

[Event "Olimpiade 2024 - Donne"]
[Site "Budapest"]
[Date "19.09.2024"]
[Round "8.8"]
[Board "3"]
[White "Janzelj, Lara"]
[Black "Ni, Shiqun"]
[Result "0-1"]
[WhiteTitle "WIM"]
[BlackTitle "WGM"]
[WhiteElo "2193"]
[BlackElo "2348"]
[WhiteTeam "Slovenia"]
[BlackTeam "China"]
[WhiteFideId "14608391"]
[BlackFideId "8608466"]
[EventDate "2024.09.11"]

1. Nf3 d5 2. g3 g6 3. Bg2 Bg7 4. d4 Nf6 5. c4 dxc4 6. Qa4+ Nbd7 7. Qxc4 Nb6 8.
Qb3 Be6 9. Qd1 O-O 10. Nc3 Nbd5 11. Ng5 Nxc3 12. bxc3 Bd5 13. f3 Bc4 14. Qc2 c5
15. O-O Nd5 16. Kh1 cxd4 17. cxd4 Bxd4 18. Rb1 Rc8 19. Bb2 e5 20. Bxd4 exd4 21.
h4 Ne3 22. Qd2 Nxf1 23. Bxf1 b5 24. Rd1 Qc7 25. Kg2 Qe5 26. Ne4 Kg7 27. h5 gxh5
28. Qb2 Rfd8 29. e3 Bxf1+ 30. Kxf1 Rc4 31. Qh2 dxe3 32. Re1 Rxe4 33. fxe4 Qf6+
34. Kg1 Rd2 0-1

[Event "Olimpiade 2024 - Donne"]
[Site "Budapest"]
[Date "19.09.2024"]
[Round "8.8"]
[Board "4"]
[White "Lu, Miaoyi"]
[Black "Vidic, Teja"]
[Result "1-0"]
[WhiteTitle "IM"]
[BlackTitle "WIM"]
[WhiteElo "2438"]
[BlackElo "2128"]
[WhiteTeam "China"]
[BlackTeam "Slovenia"]
[WhiteFideId "8618020"]
[BlackFideId "14605511"]
[EventDate "2024.09.11"]

1. Nf3 d5 2. e3 Nf6 3. c4 e6 4. b3 c5 5. Bb2 Nc6 6. cxd5 exd5 7. Be2 Bd6 8. O-O
O-O 9. d4 cxd4 10. Nxd4 Bc7 11. Nd2 Qd6 12. N2f3 Ne5 13. Rc1 Bd7 14. Rc2 Rfc8
15. Qa1 Nfg4 16. Nxe5 Qxe5 17. Nf3 Qf5 18. Rd2 Re8 19. Bxg7 f6 20. h3 Kxg7 21.
hxg4 Qxg4 22. Rxd5 Qe6 23. Bc4 Qe7 24. Rh5 h6 25. Qd4 b5 26. Bd3 Bb6 27. Qf4
Bxe3 28. fxe3 Qxe3+ 29. Qxe3 Rxe3 30. Bxb5 Kg6 31. Rd5 1-0

[Event "Olimpiade 2024 - Donne"]
[Site "Budapest"]
[Date "19.09.2024"]
[Round "8.9"]
[Board "2"]
[White "Zimina, Olga"]
[Black "Fataliyeva, Ulviyya"]
[Result "0-1"]
[WhiteTitle "IM"]
[BlackTitle "IM"]
[WhiteElo "2302"]
[BlackElo "2378"]
[WhiteTeam "Italy"]
[BlackTeam "Azerbaijan"]
[WhiteFideId "4132190"]
[BlackFideId "13403052"]
[EventDate "2024.09.11"]

1. d4 Nf6 2. Nf3 d5 3. g3 c5 4. c4 dxc4 5. Qa4+ Qd7 6. Qxc4 cxd4 7. Nxd4 e5 8.
Nb5 Nc6 9. Bg2 a6 10. N5c3 Nd4 11. O-O b5 12. Qd3 Bb7 13. Bg5 Bxg2 14. Kxg2 Qc6+
15. e4 Nd7 16. Nd2 Nc5 17. Qb1 f5 18. Be3 b4 19. Bxd4 exd4 20. Ne2 fxe4 21. Nxd4
Qd5 22. N2b3 Be7 23. Nxc5 Bxc5 24. Nb3 e3+ 25. f3 e2 26. Re1 O-O 27. Qe4 Qxe4
28. fxe4 Rf2+ 29. Kh3 Be3 30. Nc1 Bxc1 31. Raxc1 Re8 32. Rc4 Re6 33. e5 Rxe5 34.
Rf4 Rh5+ 35. Rh4 Rd5 36. Re4 Rd2 37. b3 Rxa2 38. Re3 Rc2 39. g4 Rf1 40. Re8+ Kf7
41. R8xe2 Rf3+ 42. Kg2 Rxe2+ 43. Rxe2 Rxb3 0-1

[Event "Olimpiade 2024 - Donne"]
[Site "Budapest"]
[Date "19.09.2024"]
[Round "8.9"]
[Board "3"]
[White "Beydullayeva, Govhar"]
[Black "Sedina, Elena"]
[Result "1/2-1/2"]
[WhiteTitle "WGM"]
[BlackTitle "IM"]
[WhiteElo "2395"]
[BlackElo "2196"]
[WhiteTeam "Azerbaijan"]
[BlackTeam "Italy"]
[WhiteFideId "13413015"]
[BlackFideId "812153"]
[EventDate "2024.09.11"]

1. d4 d5 2. c4 e6 3. Nf3 h6 4. Nc3 Nf6 5. Bf4 c5 6. e3 cxd4 7. exd4 Bb4 8. Bd3
dxc4 9. Bxc4 Nc6 10. O-O O-O 11. Rc1 Bd6 12. Ne5 Qe7 13. Nxc6 bxc6 14. Qf3 a5
15. Be5 Rd8 16. Rfe1 Bb7 17. Qg3 c5 18. Nb5 Bxe5 19. dxe5 Ne8 20. Qe3 a4 21.
Red1 Ba6 22. Na3 Bxc4 23. Nxc4 Rxd1+ 24. Rxd1 Rd8 25. Rxd8 Qxd8 26. Qd2 Qh4 27.
f4 Nc7 28. g3 Qg4 29. Qd8+ Kh7 30. Qd3+ Kg8 31. Qd8+ Kh7 32. Qd3+ Kg8 33. Nb6
Nd5 34. Nxd5 exd5 35. Qxd5 Qe2 36. Qa8+ Kh7 37. Qg2 Qd1+ 38. Qf1 Qd4+ 39. Qf2
Qd1+ 40. Qf1 Qd4+ 41. Qf2 Qd1+ 1/2-1/2

[Event "Olimpiade 2024 - Donne"]
[Site "Budapest"]
[Date "19.09.2024"]
[Round "8.9"]
[Board "4"]
[White "Sala, Giulia"]
[Black "Balajayeva, Khanim"]
[Result "1-0"]
[WhiteTitle "WFM"]
[BlackTitle "IM"]
[WhiteElo "2115"]
[BlackElo "2384"]
[WhiteTeam "Italy"]
[BlackTeam "Azerbaijan"]
[WhiteFideId "2840451"]
[BlackFideId "13406396"]
[EventDate "2024.09.11"]

1. e4 e5 2. Nf3 Nc6 3. d4 exd4 4. Nxd4 Nf6 5. Nxc6 bxc6 6. e5 Qe7 7. Qe2 Nd5 8.
h4 Qe6 9. Nd2 a5 10. a3 Ba6 11. Qe4 Bxf1 12. Kxf1 Be7 13. Nf3 Qg6 14. Qc4 Qf5
15. Bd2 Nb6 16. Qc3 Nd5 17. Qc4 Nb6 18. Qc3 O-O 19. Re1 Qg4 20. b3 Bxa3 21. h5
Bb4 22. Qd3 Bxd2 23. Rh4 Qxh4 24. Nxh4 Bxe1 25. Nf5 Bb4 26. Qg3 g6 27. Qg5 Nd5
28. c4 f6 29. exf6 Rxf6 30. Nh6+ Kg7 31. cxd5 Re8 32. g3 Be7 33. Qe3 cxd5 34.
Ng4 Re6 35. Qc3+ Bf6 36. h6+ Kf7 37. Qc4 c5 38. Qxc5 R8e7 39. Qxa5 Rd6 40. Qc5
Ree6 41. Ne3 Be7 42. f4 Bf8 43. Ng4 d4 44. Qc4 Ke7 45. Qd3 Rd5 46. b4 Kd8 47.
Ne5 Rb6 48. Qc4 Rbb5 49. Nd3 Rh5 50. g4 Rhd5 51. Nc5 Rbxc5 52. bxc5 Rxc5 53. Qg8
Ke8 54. Qxh7 Rc6 55. Qg8 d3 56. h7 Rc1+ 57. Kg2 d2 58. h8=Q Rg1+ 59. Kf2 Rf1+
60. Ke3 1-0

[Event "Olimpiade 2024 - Donne"]
[Site "Budapest"]
[Date "19.09.2024"]
[Round "8.10"]
[Board "1"]
[White "Khademalsharieh, Sarasadat"]
[Black "Borosova, Zuzana"]
[Result "1-0"]
[WhiteTitle "IM"]
[BlackTitle "WGM"]
[WhiteElo "2468"]
[BlackElo "2205"]
[WhiteTeam "Spain"]
[BlackTeam "Slovakia"]
[WhiteFideId "12512214"]
[BlackFideId "14905779"]
[EventDate "2024.09.11"]

1. Nf3 Nf6 2. e3 d5 3. c4 e6 4. Nc3 Be7 5. b3 O-O 6. Bb2 c5 7. cxd5 exd5 8. Ne2
Nc6 9. Ng3 Ne4 10. Bb5 Qb6 11. Be2 Bg4 12. O-O Qa5 13. Nxe4 dxe4 14. Ne5 Bxe2
15. Qxe2 Nxe5 16. Bxe5 Qb6 17. Qg4 Qg6 18. Qd7 Qe6 19. Qxe6 fxe6 20. Rac1 Rad8
21. Rc2 Rd5 22. Bb2 Rfd8 23. Rd1 b6 24. Kf1 Rh5 25. h3 Rf5 26. Rc4 Rdf8 27. Rxe4
Rxf2+ 28. Kg1 Re2 29. Rg4 g6 30. Be5 Rd8 31. Ra4 Rxe3 32. Bc7 Rd7 33. Rxa7 Red3
34. Bxb6 Rxa7 35. Bxa7 Rd7 36. Bb8 Bg5 37. d3 Be3+ 38. Kh2 Rb7 39. Be5 Ra7 40.
a4 Rb7 41. Rb1 Rd7 42. a5 Ra7 43. Ra1 Ra6 44. Ra2 Kf7 45. Kg3 Ke7 46. Kf3 Bg5
47. d4 cxd4 48. b4 d3 49. b5 Ra8 50. b6 Rf8+ 51. Kg4 d2 52. Ra1 Be3 53. Rd1 Bf2
54. b7 Rf5 55. h4 h5+ 56. Kh3 Ba7 57. b8=Q Bxb8 58. Bxb8 Rxa5 59. Rxd2 e5 60.
Bc7 Rb5 61. Bd8+ Ke6 62. Bg5 Rb3+ 63. g3 Kf5 64. Rf2+ Ke4 65. Rf6 Rb1 66. Rxg6
Kf3 67. Rf6+ Ke4 68. Rf2 Kd3 69. g4 hxg4+ 70. Kxg4 Rb4+ 71. Kf5 e4 72. Rd2+ Kc3
73. Re2 1-0

[Event "Olimpiade 2024 - Donne"]
[Site "Budapest"]
[Date "19.09.2024"]
[Round "8.10"]
[Board "3"]
[White "Vega Gutierrez, Sabrina"]
[Black "Bochnickova, Simona"]
[Result "1-0"]
[WhiteTitle "IM"]
[BlackTitle "WFM"]
[WhiteElo "2374"]
[BlackElo "2138"]
[WhiteTeam "Spain"]
[BlackTeam "Slovakia"]
[WhiteFideId "2219026"]
[BlackFideId "14958562"]
[EventDate "2024.09.11"]

1. e4 c5 2. Nf3 d6 3. d4 cxd4 4. Nxd4 Nf6 5. Nc3 a6 6. Be2 e5 7. Nb3 Be7 8. Be3
Be6 9. Nd5 Nbd7 10. Qd3 Nc5 11. Nxc5 dxc5 12. Nxf6+ gxf6 13. Qc3 b5 14. O-O b4
15. Qe1 f5 16. f4 exf4 17. exf5 Bxf5 18. Bxf4 Qd4+ 19. Kh1 Rg8 20. Bf3 Rc8 21.
Rd1 Qg7 22. Rf2 Be6 23. Bb7 Qg4 24. Bxc8 Bxc8 25. Bd6 Be6 26. Bxe7 Kxe7 27. Rd5
Rg5 28. Rd3 Qh5 29. Qe4 Re5 30. Qb7+ Kf8 31. Qb8+ Kg7 32. Rg3+ Rg5 33. Qe5+ Kf8
34. Qh8+ Ke7 35. Qf6+ Ke8 36. Rxg5 1-0

[Event "Olimpiade 2024 - Donne"]
[Site "Budapest"]
[Date "19.09.2024"]
[Round "8.12"]
[Board "1"]
[White "Atalik, Ekaterina"]
[Black "Mendoza, Shania Mae"]
[Result "1-0"]
[WhiteTitle "IM"]
[BlackTitle "WFM"]
[WhiteElo "2381"]
[BlackElo "2013"]
[WhiteTeam "Turkiye"]
[BlackTeam "Philippines"]
[WhiteFideId "4130189"]
[BlackFideId "5211158"]
[EventDate "2024.09.11"]

1. d4 d5 2. c4 e6 3. Nc3 c6 4. e3 Nf6 5. Nf3 Nbd7 6. Qc2 b6 7. Bd3 Bb7 8. O-O
Be7 9. Rd1 Qc7 10. b3 Rc8 11. Bb2 O-O 12. Rac1 h6 13. Qe2 Rfe8 14. Ne5 dxc4 15.
bxc4 c5 16. Nxd7 Qxd7 17. d5 Kh8 18. e4 e5 19. Bc2 Red8 20. f4 Qg4 21. fxe5 Qxe2
22. Nxe2 Ng4 23. Rf1 Bg5 24. Rxf7 Be3+ 25. Kh1 Bxc1 26. Nxc1 Rf8 27. Rf3 Rxf3
28. gxf3 Ne3 29. Ba4 Rf8 30. e6 Rxf3 31. h3 Rf4 32. e7 Rxe4 33. e8=Q+ Rxe8 34.
Bxe8 Nxc4 35. Bc6 Bc8 36. Bc3 Bxh3 37. Nd3 Bf5 38. Ne5 Nd6 39. Kh2 Kh7 40. Be1
Bb1 41. a3 Be4 42. Bg3 Nf5 43. Ba8 b5 44. Ng4 b4 45. axb4 cxb4 46. Nf2 Nxg3 47.
Kxg3 Bc2 48. d6 Ba4 49. Nd3 a5 50. Nc5 Bb5 51. d7 Bxd7 52. Nxd7 a4 53. Nc5 a3
54. Bd5 Kg6 55. Nd3 Kf5 56. Nxb4 g5 57. Nc2 h5 58. Nxa3 Kf6 59. Nc4 Kg6 60. Be4+
Kf6 61. Kf3 Kf7 62. Bf5 Kg7 63. Ke4 Kf6 64. Ne5 Kg7 65. Bg6 h4 66. Bf5 Kh6 67.
Bg4 Kg7 68. Kf5 Kf8 69. Kf6 Ke8 70. Nf7 Kf8 71. Nxg5 Ke8 72. Nf3 Kd8 73. Nxh4
Kc7 74. Ke5 Kc6 75. Be6 Kc5 76. Nf5 Kc6 77. Kd4 Kb5 78. Bc4+ Kc6 79. Bd5+ Kb5
80. Nd6+ Kb6 81. Kc4 Kc7 82. Kc5 Kd7 83. Nf5 Kc7 84. Be6 Kb7 85. Ne7 Kc7 86. Nc6
Kb7 87. Kd6 Kb6 88. Bc4 Kb7 89. Na5+ Kb6 90. Nb3 Kb7 91. Bd5+ Kb6 92. Bc6 Ka7
93. Kc7 Ka6 94. Ba4 Ka7 95. Bb5 Ka8 96. Nc5 Ka7 97. Nd7 Ka8 98. Nb6+ Ka7 99.
Nc8+ Ka8 100. Bc6# 1-0

[Event "Olimpiade 2024 - Donne"]
[Site "Budapest"]
[Date "19.09.2024"]
[Round "8.14"]
[Board "1"]
[White "Kosteniuk, Alexandra"]
[Black "Shohradova, Lala"]
[Result "1/2-1/2"]
[WhiteTitle "GM"]
[BlackTitle "WFM"]
[WhiteElo "2483"]
[BlackElo "2030"]
[WhiteTeam "Switzerland"]
[BlackTeam "Turkmenistan"]
[WhiteFideId "4128125"]
[BlackFideId "14004089"]
[EventDate "2024.09.11"]

1. e4 e6 2. d4 d5 3. e5 c5 4. c3 Qb6 5. Nf3 Nc6 6. a3 Bd7 7. b4 cxd4 8. cxd4 Rc8
9. Bb2 Nge7 10. Nc3 Na5 11. Na4 Qc6 12. Nc5 Nc4 13. Bc1 Ng6 14. h4 Bxc5 15. dxc5
Qc7 16. Bxc4 dxc4 17. Qd6 h5 18. Bg5 b6 19. Be3 bxc5 20. Bxc5 Bc6 21. Qxc7 Rxc7
22. Bd6 Rd7 23. O-O-O Nf4 24. Nd4 Bxg2 25. Rhg1 Rh6 26. f3 Rg6 27. Rd2 Bh3 28.
Rxg6 Nxg6 29. Nb5 Bf1 30. Rf2 Bd3 31. Nc7+ Kd8 32. Na6 Kc8 33. Nc5 Rd8 34. f4
Bf5 35. b5 f6 36. a4 fxe5 37. fxe5 Nxe5 38. Bxe5 Rd5 39. Nxe6 Rxe5 40. Nxg7 Bg4
41. Kd2 Kc7 42. Rf6 Re4 43. Kc3 a5 44. bxa6 Kb8 45. Rf7 Ka8 46. Rc7 Kb8 47. Rb7+
Ka8 48. Rf7 Kb8 49. a5 Re5 50. Kb4 c3 51. Kxc3 Rxa5 52. Rf6 Ka7 53. Kd4 Rxa6 54.
Rf7+ Kb8 55. Ke5 Kc8 56. Kf4 Kd8 57. Kg5 Ra5+ 58. Kg6 Ra6+ 59. Kg5 Ra5+ 1/2-1/2

[Event "Olimpiade 2024 - Donne"]
[Site "Budapest"]
[Date "19.09.2024"]
[Round "8.15"]
[Board "1"]
[White "Cori T., Deysi"]
[Black "Injac, Teodora"]
[Result "0-1"]
[WhiteTitle "IM"]
[BlackTitle "IM"]
[WhiteElo "2366"]
[BlackElo "2425"]
[WhiteTeam "Peru"]
[BlackTeam "Serbia"]
[WhiteFideId "3801934"]
[BlackFideId "932400"]
[EventDate "2024.09.11"]

1. Nf3 Nf6 2. b3 g6 3. Bb2 Bg7 4. g3 d6 5. d4 b5 6. Bg2 Bb7 7. O-O Nbd7 8. a4 a6
9. Qd3 b4 10. a5 O-O 11. Nbd2 c5 12. dxc5 Nxc5 13. Qc4 Rb8 14. Rfd1 Qc7 15. Qh4
h6 16. Bxf6 exf6 17. Nc4 Ne4 18. Nd4 Rfe8 19. Rd3 f5 20. Re1 Nc5 21. Bxb7 Nxd3
22. cxd3 Rxb7 23. Nf3 d5 24. Nb6 Qc5 25. Na4 Qxa5 26. Rc1 Rc7 27. Qf4 Rxc1+ 28.
Qxc1 Rxe2 29. Qc8+ Kh7 30. Kg2 Qb5 31. d4 Qd3 0-1

[Event "Olimpiade 2024 - Donne"]
[Site "Budapest"]
[Date "19.09.2024"]
[Round "8.16"]
[Board "1"]
[White "Alinasab, Mobina"]
[Black "Tsolakidou, Stavroula"]
[Result "1-0"]
[WhiteTitle "WGM"]
[BlackTitle "IM"]
[WhiteElo "2336"]
[BlackElo "2444"]
[WhiteTeam "Iran"]
[BlackTeam "Greece"]
[WhiteFideId "12528897"]
[BlackFideId "4264312"]
[EventDate "2024.09.11"]

1. e4 c5 2. Nf3 d6 3. Bb5+ Bd7 4. Bxd7+ Nxd7 5. O-O Ngf6 6. Qe2 e6 7. b3 g6 8.
c3 Bg7 9. d4 O-O 10. Rd1 Qc7 11. Nbd2 Nh5 12. Nf1 Rae8 13. Ng3 Nxg3 14. hxg3
cxd4 15. cxd4 f5 16. Ba3 fxe4 17. Qxe4 Rf5 18. Rac1 Qb6 19. Rc2 Nf6 20. Qe2 Ra5
21. Rc8 d5 22. Rxe8+ Nxe8 23. Bb4 Qa6 24. Qc2 Rb5 25. Bc5 Ra5 26. a3 Qc6 27. Qe2
Ra6 28. Ne5 Qc8 29. Nd3 Rc6 30. Nb4 Rc7 31. Bxa7 Nd6 32. Bb6 Rc1 33. g4 Ne4 34.
Qe1 Rxd1 35. Qxd1 Qc3 36. Ba7 Bf8 37. Nd3 Bxa3 38. f3 Qd2 39. Qxd2 Nxd2 40. b4
Nc4 41. Kf2 Nb2 42. Nc5 Bxb4 43. Nxe6 Nd1+ 44. Ke2 Nc3+ 45. Kd3 b5 46. Bb8 h6
47. Bf4 g5 48. Bd2 Na2 49. Nc7 Bxd2 50. Kxd2 b4 51. Nxd5 b3 52. g3 Kf7 53. f4
gxf4 54. gxf4 b2 55. Kc2 Nc1 56. Nc3 b1=Q+ 57. Nxb1 Ne2 58. Kd3 Nxf4+ 59. Ke4
Ne6 60. d5 Nc7 61. Nc3 Kg6 62. Kf4 h5 63. gxh5+ Kxh5 64. d6 Ne6+ 65. Ke5 Nc5 66.
Ne4 Nb7 67. d7 Kg6 68. Ke6 Nd8+ 69. Ke7 Nc6+ 70. Ke8 Kf5 71. Nd6+ Ke6 72. Nc4
Kd5 73. Na5 1-0

[Event "Olimpiade 2024 - Donne"]
[Site "Budapest"]
[Date "19.09.2024"]
[Round "8.17"]
[Board "1"]
[White "Rivera, Ingris"]
[Black "Efroimski, Marsel"]
[Result "0-1"]
[WhiteTitle "WIM"]
[BlackTitle "IM"]
[WhiteElo "2171"]
[BlackElo "2408"]
[WhiteTeam "Colombia"]
[BlackTeam "Israel"]
[WhiteFideId "4402472"]
[BlackFideId "2810964"]
[EventDate "2024.09.11"]

1. d4 Nf6 2. Nf3 e6 3. g3 b5 4. Bg2 Bb7 5. O-O c5 6. c3 Be7 7. a4 b4 8. dxc5
Bxc5 9. cxb4 Bxb4 10. Nc3 O-O 11. Bf4 d5 12. Nb5 Nc6 13. Qb3 Qe7 14. Rac1 Ne4
15. Rfd1 Bc5 16. Be3 Bb4 17. Nfd4 Na5 18. Qa2 a6 19. Na3 f5 20. Nb3 Nxb3 21.
Qxb3 Bd6 22. Bb6 Rab8 23. a5 Nc5 24. Qe3 Na4 25. Rc2 Rbc8 26. Rdc1 Nxb2 27. Nb1
Na4 28. Bd4 Rxc2 29. Rxc2 Rc8 30. Rxc8+ Bxc8 31. Nd2 Nc5 32. Qc3 Qc7 33. Qa1 Bb7
34. e3 Nd3 35. Bf1 Ne5 36. f4 Nc4 37. Nb3 h6 38. Bd3 Qc6 39. Kf2 Bf8 40. h3 Qb5
41. Qa2 Qb4 42. g4 fxg4 43. hxg4 Be7 44. Ke2 Bc8 45. f5 e5 46. Ba1 e4 47. Bxc4
Qxc4+ 48. Kf2 Bd7 49. Qb2 Bf6 50. Nd4 Bb5 51. Qb1 Bxd4 52. Bxd4 Qe2+ 53. Kg3
Qf3+ 54. Kh2 Qf2+ 55. Kh1 Be2 0-1

[Event "Olimpiade 2024 - Donne"]
[Site "Budapest"]
[Date "19.09.2024"]
[Round "8.20"]
[Board "1"]
[White "Ahmed, Walijah"]
[Black "Cramling, Pia"]
[Result "0-1"]
[WhiteTitle "WCM"]
[BlackTitle "GM"]
[WhiteElo "1936"]
[BlackElo "2425"]
[WhiteTeam "Bangladesh"]
[BlackTeam "Sweden"]
[WhiteFideId "2831193"]
[BlackFideId "1700030"]
[EventDate "2024.09.11"]

1. e4 c5 2. Nf3 e6 3. d4 cxd4 4. Nxd4 a6 5. Nc3 b5 6. Bd3 Qb6 7. Nb3 Qc7 8. Be3
Bb7 9. O-O Nf6 10. a3 d6 11. f4 Nbd7 12. Kh1 Be7 13. Qf3 Nc5 14. Rae1 O-O 15.
Bd4 Rac8 16. Qg3 Nxd3 17. cxd3 Qd8 18. Rc1 Qd7 19. Na5 Ba8 20. b4 g6 21. f5 Nh5
22. Qg4 exf5 23. exf5 Rc7 24. Bb6 Rcc8 25. Bd4 Rfd8 26. Rce1 Re8 27. Re2 Bf6 28.
Rxe8+ Rxe8 29. Bxf6 Nxf6 30. Qh4 Qe7 31. h3 Nh5 32. Qxe7 Rxe7 33. Kh2 Re3 34.
fxg6 hxg6 35. Rd1 Nf4 36. Ne4 f5 37. Nxd6 Bxg2 38. Kg1 Rxh3 39. Kf2 Bd5 40. Rg1
Nxd3+ 41. Ke2 Nf4+ 42. Kd2 Kh7 0-1

[Event "Olimpiade 2024 - Donne"]
[Site "Budapest"]
[Date "19.09.2024"]
[Round "8.20"]
[Board "3"]
[White "Wadifa, Ahmed"]
[Black "Cramling Bellon, Anna"]
[Result "1/2-1/2"]
[WhiteTitle "WFM"]
[BlackTitle "WFM"]
[WhiteElo "1988"]
[BlackElo "2066"]
[WhiteTeam "Bangladesh"]
[BlackTeam "Sweden"]
[WhiteFideId "10226869"]
[BlackFideId "32009232"]
[EventDate "2024.09.11"]

1. e4 c5 2. Nf3 Nc6 3. d4 cxd4 4. Nxd4 Nf6 5. Nc3 e5 6. Ndb5 d6 7. Bg5 a6 8.
Bxf6 gxf6 9. Na3 f5 10. Bd3 f4 11. g3 Rg8 12. Nd5 Bh6 13. c3 Rg6 14. Nc4 b5 15.
Ncb6 Rb8 16. Nxc8 Qxc8 17. a4 b4 18. Bxa6 Qh3 19. Bf1 Qc8 20. Bb5 fxg3 21. hxg3
bxc3 22. bxc3 Kf8 23. Bxc6 Qxc6 24. Qe2 f5 25. Qf3 f4 26. O-O Ra8 27. Rfb1 Bg5
28. Kh2 Kg7 29. a5 Bd8 30. a6 Rxa6 31. Nb4 Rxa1 32. Nxc6 Rxb1 33. Nxd8 Rb8 34.
Nc6 Rf8 35. g4 Rg5 36. Ne7 h5 37. Nf5+ Kf6 38. gxh5 d5 39. Nh4 Rh8 40. exd5
Rgxh5 41. d6 Rxh4+ 42. Kg2 Rh2+ 43. Kf1 Ke6 44. Qc6 Rd8 45. d7+ Ke7 46. Qe4 Ke6
47. Kg1 Rhh8 48. Qc6+ Ke7 49. Qc5+ Ke6 50. Qc4+ Kd6 51. Qd3+ Ke6 52. c4 Rhg8+
53. Kf1 Rxd7 54. Qh3+ Kd6 55. c5+ Kc7 56. Qe6 Rf8 57. Qxe5+ Kc6 58. Qe6+ Kc7 59.
Qb6+ Kc8 60. Qa6+ Kd8 61. Qa5+ Rc7 62. Qa8+ Ke7 63. Qe4+ Kd8 64. c6 Rff7 65.
Qd4+ Ke7 66. Qe5+ Kf8 67. Qh8+ Ke7 68. Qe5+ Kf8 69. Qd6+ Kg8 70. Ke2 Rc8 71. Qe6
Rc7 72. Qg6+ Kf8 73. Qd6+ Kg7 74. Kd3 Rc8 75. Qe5+ Kg8 76. Qe6 Rc7 77. Kc4 Kg7
78. Qe5+ Kg6 79. Qd6+ Kg5 80. Kc5 Rce7 81. Kb6 Kg4 82. Qd1+ f3 83. Qg1+ Kf4 84.
Qc1+ Kg4 85. Qg1+ Kf4 86. Qc1+ 1/2-1/2

[Event "Olimpiade 2024 - Donne"]
[Site "Budapest"]
[Date "19.09.2024"]
[Round "8.22"]
[Board "1"]
[White "Sanudula, K M Dahamdi"]
[Black "Bulmaga, Irina"]
[Result "0-1"]
[WhiteTitle "WCM"]
[BlackTitle "IM"]
[WhiteElo "2023"]
[BlackElo "2406"]
[WhiteTeam "Sri Lanka"]
[BlackTeam "Romania"]
[WhiteFideId "9932470"]
[BlackFideId "13903063"]
[EventDate "2024.09.11"]

1. d4 Nf6 2. Bf4 g6 3. Nc3 d5 4. e3 Bg7 5. h4 c6 6. Be2 h5 7. Nf3 Nbd7 8. Ne5
Nxe5 9. Bxe5 b5 10. Bf3 O-O 11. O-O Bh6 12. Ne2 Nd7 13. Bg3 Nf6 14. a4 b4 15. c4
bxc3 16. bxc3 Ba6 17. Qc2 Rc8 18. Rfe1 c5 19. Qb1 Qd7 20. Nf4 cxd4 21. cxd4 Rc3
22. Qb4 Rfc8 23. Qa5 Bxf4 24. Bxf4 Bd3 25. Be5 Ne4 26. Bxe4 Bxe4 27. Ra2 Qg4 28.
Bg3 g5 0-1